000 00443nam a2200145Ia 4500
008 100204s9999 xx 000 0 und d
082 _b26842
100 _aओक सुनेत्रा
245 _aघराबाहेर
260 _b"अक्षता पब्लिकेशन्स, पुणे"
_c2006-3
300 _a240
630 _aघराबाहेर
730 _aघराबाहेर
942 _cBOOK
999 _c472021
_d472018